000 00658nam a2200277Ia 4500
005 20260324150815.0
008 008 260324s9999 xx 000 0 eng d
020 _a9781351305525
037 _aEBOOK
040 _aCRL
040 _beng
040 _cCRL
041 _2eng
041 _aeng
084 _qCRL
100 _aWesley Clair Mitchell; Eli Ginzberg
_91227679
245 4 _aThe Backward Art of Spending Money
260 _bTaylor and Francis
260 _c1937
365 _a
365 _b230
856 _uhttp://www.taylorfrancis.com/books/9781351305525
942 _cEBOOK
999 _c1837797
_d1837797